Mecánica elemental: Complementos para su enseñanza y estudio
Saved in:
| Hovedforfatter: | |
|---|---|
| Format: | Bog |
| Sprog: | spansk |
| Udgivet: |
Buenos Aires
Eudeba
1986
|
| Udgivelse: | 8a. ed |
| Fag: | |
| Tags: |
Tilføj Tag
Ingen Tags, Vær først til at tagge denne postø!
|
MARC
| LEADER | 00000nam a2200000 a 4500 | ||
|---|---|---|---|
| 001 | UCH2755 | ||
| 003 | CL-VaPUC | ||
| 008 | 090624e19860000AG |||||||||||||||||spa|d | ||
| 020 | |a 9502302907 | ||
| 082 | 0 | 4 | |a 531 |b ROE |2 21 |
| 100 | 0 | |a Roederer, Juan G |e author |9 537777 | |
| 245 | 1 | 0 | |a Mecánica elemental: Complementos para su enseñanza y estudio |
| 250 | |a 8a. ed | ||
| 300 | |a 288 p | ||
| 942 | |c BK | ||
| 945 | |d 20090624 00:00:00 |a dcastane | ||
| 260 | |a Buenos Aires |b Eudeba |c 1986 | ||
| 650 | 0 | |a Mecánica |9 260096 | |
| 650 | 0 | |a Física |9 227844 | |
| 650 | 0 | |a Cinemática |9 260942 | |
| 650 | 0 | |a Movimiento |9 322237 | |
| 650 | 0 | |a Dinámica |9 260136 | |
| 583 | |a last modification |c 20090624 00:00:00 |k Rodrigo Vera | ||
| 999 | |c 334454 |d 334452 | ||
| 952 | |0 0 |1 0 |4 0 |6 531_000000000000000_ROE_1986 |7 0 |8 A |9 423508 |a BIBCUR |b BIBCUR |d 2019-11-22 |i 4564766 |o 531 ROE 1986 |p 4564766 |r 2025-04-22 |w 2019-11-22 |y BK |k FIS | ||